Statistical techniques in business and economics (Record no. 396955)

MARC details
000 -LEADER
fixed length control field 00605 a2200229 4500
005 - DATE & TIME
control field 20260317130003.0
008 - FIXED-LENGTH DATA ELEMENTS--GENERAL INFORMATION
fixed length control field 260316b |||||||| |||| 00| 0 eng d
020 ## - ISBN
International Standard Book Number 9781266283536
Price £ 59.99
040 ## - CATALOGING SOURCE
Original cataloging agency VIVEKANANDA LIBRARY
082 ## - DDC NUMBER
Classification number 519.5
Book Number L64S(19)
100 ## - MAIN ENTRY--PERSONAL NAME
Personal name Lind, Douglas A
245 ## - TITLE STATEMENT
Title Statistical techniques in business and economics
250 ## - EDITION STATEMENT
Edition statement 19th
260 ## - PUBLICATION, DISTRIBUTION, ETC. (IMPRINT)
Name of publisher, distributor, etc McGraw Hill
Place of publication, distribution, etc New York
Date of publication, distribution, etc 2024
300 ## - PHYSICAL DESCRIPTION
Pages xxvi, 874
650 ## - Subject
Subject Statistics
650 ## - Subject
Subject Probabilities
650 ## - Subject
Subject Statistical Mathematics
700 ## - Added Entry Personal Name
Added Entry Personal Name Marchal, William G
700 ## - Added Entry Personal Name
Added Entry Personal Name Wathen, Samuel A
942 ## - ADDED ENTRY ELEMENTS (KOHA)
Koha item type Books
Holdings
Withdrawn status Lost status Source of classification or shelving scheme Damaged status Not for loan Location (home branch) Sublocation or collection (holding branch) Shelving location Date acquired Koha issues (times borrowed) Koha full call number Accession No. Koha date last seen Koha item type
    Dewey Decimal Classification     VIVEKANANDA LIBRARY VIVEKANANDA LIBRARY IMSAR Library 17/02/2026   519.5 L64S(19) 420836 17/02/2026 Books
© Designed and Maintained by Vivekananda Library, MDU Rohtak